Pilote sur un podium de F1 depuis 2010 - Statistiques

Statistiques générales
  • Ce quiz a été pris 595 fois
    84 depuis la dernière actualisation
  • Le résultat moyen est 24 sur 38
Statistiques - réponses
Nombre total de podium Pilote Pays % Correct
202 Lewis Hamilton Royaume-Uni
100%
127 Max Verstappen Pays-Bas
94%
122 Sebastian Vettel Allemagne
91%
106 Fernando Alonso Espagne
88%
155 Mickael Schumacher Allemagne
88%
103 Kimi Raikkonen Finlande
87%
50 Charles Leclerc Monaco
84%
5 Pierre Gasly France
78%
39 Sergio Perez Mexique
78%
29 Carlos Sainz Jr Espagne
77%
2 Alexander Albon Thaïlande
75%
32 Daniel Ricciardo Australie
75%
4 Esteban Ocon France
75%
67 Valtteri Bottas Finlande
75%
44 Lando Norris Royaume-Uni
74%
26 Oscar Piastri Australie
74%
57 Nico Rosberg Allemagne
72%
3 Lance Stroll Canada
71%
42 Mark Webber Australie
70%
50 Jenson Button Royaume-Uni
68%
41 Felipe Massa Brésil
67%
24 George Russell Royaume-Uni
62%
12 Robert Kubica Pologne
62%
1 Kevin Magnussen Danemark
61%
10 Romain Grosjean France
61%
68 Rubens Barrichello Brésil
61%
1 Isack Hadjar France
59%
1 Pastor Maldonado Venezuela
58%
1 Nico Hulkenberg Allemagne
57%
3 Daniil Kvyat Russie
51%
3 Andrea Kimi Antonelli Italie
48%
1 Kamui Kobayashi Japon
42%
4 Heikki Kovalainen Finlande
36%
11 Jarno Trulli Italie
35%
1 Vitaly Petrov Russie
29%
13 Nick Heidfeld Allemagne
23%
1 Pedro de la Rosa Espagne
22%
3 Timo Glock Allemagne
19%
Aucun quiz correspondant
Distribution des résultats
% des personnes avec chaque résultat
Percentile par nombre de réponses
Votre historique - résultats
Vous n’avez pas pris ce quiz depuis la dernière actualisation